Zawodnicy na okładkach gry FIFA(10-23) - Statystyki

Ogólne statystyki
  • Ten quiz został rozwiązany 8 094 razy
    2 796 od ostatniego zresetowania
  • Średni wynik to 17 z 24
Statystyki odpowiedzi
Część FIFY Zawodnik % Poprawnych
18 Cristiano Ronaldo
99%
13 Lionel Messi
99%
14 Lionel Messi
99%
15 Lionel Messi
99%
16 Lionel Messi
99%
21 Kylian Mbappe
97%
22 Kylian Mbappe
97%
23 Kylian Mbappe
97%
10 Robert Lewandowski
83%
14 Robert Lewandowski
83%
15 Robert Lewandowski
83%
19 Neymar
72%
17 Marco Reus
71%
20 Eden Hazard
65%
10 Wayne Rooney
61%
12 Wayne Rooney
61%
11 Jakub Błaszczykowski
56%
12 Jakub Błaszczykowski
56%
13 Jakub Błaszczykowski
56%
16 Arkadiusz Milik
45%
19 Kevin de Bruyne
40%
19 Paulo Dybala
36%
11 Kaka
35%
10 Frank Lampard
21%
Nie znaleziono quizów pasujących do podanych kryteriów
Rozkład punktacji
Procent ludzi z każdym wynikiem
Percentyl według liczby udzielonych odpowiedzi
Twoja historia wyników
Nie rozwiązałeś tego quizu od ostatniego zresetowania